Biblioteca Central Karl Marx

Ciencia, compromiso y transformación . (Registro nro. 205454)

Detalles MARC
000 -LEADER
campo de control de longitud fija 01379nam a2200241Ia 4500
005 - FECHA Y HORA DE LA ÚLTIMA TRANSACCIÓN
campo de control 20260511143046.0
008 - DATOS DE LONGITUD FIJA--INFORMACIÓN GENERAL
campo de control de longitud fija 260511s9999 xx 000 0 und d
020 ## - NÚMERO INTERNACIONAL ESTÁNDAR DEL LIBRO
Número Internacional Estándar del Libro 978-958-9009-86-4.
041 ## - CÓDIGO DE IDIOMA
Código de lengua del texto/banda sonora o título independiente Spa.
100 ## - ENTRADA PRINCIPAL--NOMBRE DE PERSONA
Nombre de persona Fals Borda, Orlando.
245 #0 - MENCIÓN DEL TÍTULO
Título Ciencia, compromiso y transformación .
260 ## - PUBLICACIÓN, DISTRIBUCIÓN, ETC.
Lugar de publicación, distribución, etc. Bogotá D.C..
260 ## - PUBLICACIÓN, DISTRIBUCIÓN, ETC.
Nombre del editor, distribuidor, etc. Editorial Universidad INCCA.
260 ## - PUBLICACIÓN, DISTRIBUCIÓN, ETC.
Fecha de publicación, distribución, etc. 2026.
300 ## - DESCRIPCIÓN FÍSICA
Extensión 220 páginas.
505 ## - NOTA DE CONTENIDO CON FORMATO
Nota de contenido con formato Las metodologías de la Investigación Participativa una construcción permanente, La dimensión ético–política de la Investigación–Acción Participativa (IAP). A propósito de la propuesta de Orlando Fals Borda, Intersecciones epistémicas: encuentros y desencuentros entre la propuesta epistémico- política de Orlando Fals Borda y la complejidad, Orlando Fals Borda y Carlos Rodrigues Brandão: un diálogo permanente entre la investigación participativa y la educación popular. Una lectura militante desde sus aportes y perspectivas pedagógicas, Lo Popular en la obra de Orlando Fals Borda, “Uno siembra la semilla, pero ella tiene su propia dinámica”: Entrevista a Orlando Fals Borda.
700 ## - ENTRADA AGREGADA--NOMBRE PERSONAL
Nombre de persona Aponte Rivera, Adriana.
700 ## - ENTRADA AGREGADA--NOMBRE PERSONAL
Nombre de persona Cendales González, Lola.
856 ## - LOCALIZACIÓN Y ACCESO ELECTRÓNICOS
Tipo de formato electrónico aplicación/ PDF.
856 ## - LOCALIZACIÓN Y ACCESO ELECTRÓNICOS
Tamaño de archivo 2,12 MB .
856 ## - LOCALIZACIÓN Y ACCESO ELECTRÓNICOS
Identificador Uniforme de Recurso <a href="https://online.fliphtml5.com/bcebg/Fals-Borda-Final/.">https://online.fliphtml5.com/bcebg/Fals-Borda-Final/.</a>
942 ## - ELEMENTOS DE ENTRADA SECUNDARIOS (KOHA)
Tipo de ítem Koha
Fuente de la clasificación o esquema de estantería

No hay ítems disponibles.

Universidad INCCA de Colombia - unincca.edu.co
Centro virtual de recursos educativos Karl Marx - prestamo@unincca.edu.co - investigacion@unincca.edu.co
Tel.: (57) 601-390 6223 Ext. 1181
Sede XXX Aniversario - Calle 24 A No. 13-72, Bogotá D.C.
Horario de Atención: Lunes a viernes, de 8:00 a.m. a 5:00 p.m.